Biotechnology and development monitor (Registro nro. 16722)
[ vista simple ]
| 000 -CABECERA | |
|---|---|
| Campo de control | 00697aasaa2200217 a 4500 |
| 005 - FECHA Y HORA DE LA ULTIMA TRANSACCION | |
| Campo de control | 20170509103712.0 |
| 008 - ELEMENTOS DE LONGITUD FIJA—INFORMACION GENERAL | |
| Campo de control | 170509b1990 ne u|||| |||| 00| 0 eng d |
| 022 ## - ISSN | |
| ISSN | 0924-9877 |
| 040 ## - FUENTE DE CATALOGACIÓN | |
| Agencia catalogadora original | CO-BoIAVH |
| Agencia transcriptora | CO-BoIAVH |
| 041 0# - IDIOMA | |
| Código de idioma para texto/pista de sonido o título separado | Inglés |
| 044 ## - PAÍS DE PUBLICACIÓN | |
| País de publicación | Holanda |
| 090 ## - CLASIFICACIÓN LOCAL | |
| Colección | SE |
| 245 00 - MENCION DE TITULO | |
| Título | Biotechnology and development monitor |
| 260 ## - PUBLICACION, DISTRIBUCION, ETC. (PIE DE IMPRENTA) | |
| Lugar de publicación, distribución, etc. | Amsterdam (Holanda) : |
| Nombre del editor, distribuidor, etc. | University os Amsterdam. Department of Political Science, |
| Fecha de publicación, distribución, etc. | [s.f.]. |
| 300 ## - DESCRIPCION FISICA | |
| Otros detalles físicos | ilustraciones ; |
| Dimensiones | 30 x 21 cm. |
| 310 ## - FRECUENCIA ACTUAL DE LA PUBLICACIÓN | |
| Frecuencia actual de la publicación | Desconocido |
| 650 26 - ASIENTO SECUNDARIO DE MATERIA - TERMINO TEMATICO | |
| Término temático o nombre geográfico como elemento de entrada | Biotecnología |
| Subdivisión de forma | Publicaciones periódicas |
| 9 (RLIN) | 81409 |
| 650 26 - ASIENTO SECUNDARIO DE MATERIA - TERMINO TEMATICO | |
| Término temático o nombre geográfico como elemento de entrada | Agricultura |
| Subdivisión de forma | Publicaciones periódicas |
| 9 (RLIN) | 81410 |
| 650 26 - ASIENTO SECUNDARIO DE MATERIA - TERMINO TEMATICO | |
| Término temático o nombre geográfico como elemento de entrada | Ecología |
| Subdivisión de forma | Publicaciones periódicas |
| 9 (RLIN) | 81411 |
| 942 ## - ELEMENTOS ADICIONALES (KOHA) | |
| Tipo de ítem | Periodica o revista |
| Sistema de clasificación | Local |
| Withdrawn status | Lost status | Sistema de Clasificación | Damaged status | No para préstamo | Colección | Fecha publicación (Año) | Número revista | Inventariado | Ubicación Permanente | Ubicación actual | Fecha de adquisición | Precio | Datos de publicación Seriada | Total Checkouts | Número topográfico | Inventario / Código de Barras | Date last seen | Ejemplar | Price effective from | Forma de adquisición | Tipo de material | Fuente de adquisición |
|---|---|---|---|---|---|---|---|---|---|---|---|---|---|---|---|---|---|---|---|---|---|---|
| Local | Hemeroteca | 1998 | 36 | Inventariado 2017 | Bogotá | Bogotá | 06/05/2005 | 10.00 | Número 36 (01/12/1998) | SE- | 017983 | 25/03/2015 | Ej. 1 | 25/03/2015 | Donación | Periodica o revista | ||||||
| Local | Hemeroteca | 1997 | Inventariado 2017 | Bogotá | Bogotá | 07/03/2001 | 10.00 | Compendio 1995-1997 (01/12/1997) | SE | 006265 | 25/03/2015 | Ej. 1 | 25/03/2015 | Donación | Periodica o revista | Desconocido | ||||||
| Local | Hemeroteca | 1997 | 30 | Inventariado 2017 | Bogotá | Bogotá | 07/03/2001 | 10.00 | Número 30 (01/03/1997) | SE | 006253 | 25/03/2015 | Ej. 1 | 25/03/2015 | Donación | Periodica o revista | Desconocido | |||||
| Local | Hemeroteca | 1997 | 31 | Inventariado 2017 | Bogotá | Bogotá | 07/03/2001 | 10.00 | Número 31 (01/06/1997) | SE | 006254 | 25/03/2015 | Ej. 1 | 25/03/2015 | Donación | Periodica o revista | Desconocido | |||||
| Local | Hemeroteca | 1997 | 32 | Inventariado 2017 | Bogotá | Bogotá | 07/03/2001 | 10.00 | Número 32 (01/09/1997) | SE | 006255 | 25/03/2015 | Ej. 1 | 25/03/2015 | Donación | Periodica o revista | Desconocido | |||||
| Local | Hemeroteca | 1999 | 38 | Inventariado 2017 | Bogotá | Bogotá | 07/03/2001 | 10.00 | Número 38 (01/06/1999) | SE | 006256 | 25/03/2015 | Ej. 1 | 25/03/2015 | Donación | Periodica o revista | Desconocido | |||||
| Local | Hemeroteca | 1999 | 39 | Inventariado 2017 | Bogotá | Bogotá | 08/03/2001 | 10.00 | Número 39 (01/09/1999) | SE | 006257 | 25/03/2015 | Ej. 1 | 25/03/2015 | Donación | Periodica o revista | Desconocido | |||||
| Local | Hemeroteca | 2000 | 41 | Inventariado 2017 | Bogotá | Bogotá | 07/03/2001 | 10.00 | Número 41 (01/03/2000) | SE | 006258 | 25/03/2015 | Ej. 1 | 25/03/2015 | Donación | Periodica o revista | Desconocido | |||||
| Local | Hemeroteca | 2000 | 43 | Inventariado 2017 | Bogotá | Bogotá | 07/03/2001 | 10.00 | Número 43 (01/09/2000) | SE | 006259 | 25/03/2015 | Ej. 1 | 25/03/2015 | Donación | Periodica o revista | Desconocido | |||||
| Local | Hemeroteca | 2001 | Inventariado 2017 | Bogotá | Bogotá | 31/08/2001 | 10.00 | Índice Nros. 1 - 28 (2001) | SE- | 006260 | 25/03/2015 | Ej. 1 | 25/03/2015 | Donación | Periodica o revista | Desconocido | ||||||
| Local | Hemeroteca | 2001 | 44 - 45 | Inventariado 2017 | Bogotá | Bogotá | 16/05/2001 | 10.00 | Número 44 y 45 (01/03/2001) | SE | 006264 | 25/03/2015 | Ej. 1 | 25/03/2015 | Donación | Periodica o revista | Sánchez Páez, Heliodoro | |||||
| Local | Hemeroteca | 2001 | 48 | Inventariado 2017 | Bogotá | Bogotá | 07/02/2002 | 10.00 | Número 48 (01/12/2001) | SE- | 006261 | 25/03/2015 | Ej. 1 | 25/03/2015 | Compra | Periodica o revista | CID Humboldt | |||||
| Local | Hemeroteca | 2002 | 49 | Inventariado 2017 | Bogotá | Bogotá | 27/06/2002 | 10.00 | Número 49 (01/03/2002) | SE- | 006263 | 25/03/2015 | Ej. 1 | 25/03/2015 | Donación | Periodica o revista | ||||||
| Local | Hemeroteca | 2001 | 46 | Inventariado 2017 | Bogotá | Bogotá | 06/05/2004 | 10.00 | Número 46 (01/06/2001) | SE | 015067 | 25/03/2015 | Ej. 1 | 25/03/2015 | Donación | Periodica o revista | Desconocido |